• 首页
  • 本馆介绍
  • 公告通知
  • 最新文献
  • 馆藏检索
  • 电子资源
  • 读者导购
  • 参考咨询
  • 我的图书馆
  • 登录
  • 详细信息显示
  • 放入我的书架
  • 预约/预借图书
  • 作者相关作品
  • 分类相关作品
  • 丛书相关作品
  • 出版社相关作品

书目信息

  • 表格格式
  • 工作单格式
  • 卡片格式
题名:
大唐二十帝
    
 
作者: 曹金洪 编著
分册:  
出版信息: 西安   三秦出版社  2014
页数: 248页
开本: 24cm
丛书名:
单 册:
中图分类: K827=42
科图分类:
主题词: 皇帝--生平事迹--中国--唐代--通俗读物
电子资源:
ISBN: 978-7-5518-0778-4
000 00776nam0 2200241 450
001 338632
005 20150602155418.57
010    @a978-7-5518-0778-4@dCNY33.80
100    @a20141022d2014 em y0chiy50 ea
101 0  @achi
102    @aCN@b610000
105    @ay z 000yd
106    @ar
200 1  @a大唐二十帝@Ada tang er shi di@f曹金洪编著
210    @a西安@c三秦出版社@d2014
215    @a248页@d24cm
300    @a历史绝对不简单
330    @a本书选了唐朝时期的唐高祖李渊、唐太宗李世民、唐高宗李治、唐中宗李显等二十位帝王人物, 介绍帝王之间的斗智斗勇, 叙述历史文化的缔造传奇。
606 0  @a皇帝@x生平事迹@y中国@z唐代@j通俗读物
690    @aK827=42@v5
701  0 @a曹金洪@Acao jin hong@c(历史)@4编著
801  0 @aCN@b卓展宏图@c20150525
905    @dK827=42@e559@f4
    
    大唐二十帝/曹金洪编著.-西安:三秦出版社,2014
    248页;24cm
    历史绝对不简单
    
    ISBN 978-7-5518-0778-4:CNY33.80
    本书选了唐朝时期的唐高祖李渊、唐太宗李世民、唐高宗李治、唐中宗李显等二十位帝王人物, 介绍帝王之间的斗智斗勇, 叙述历史文化的缔造传奇。
●
相关链接 在E读中查询图书 在五车中查询图书 在当当中查询图书 在豆瓣中查询图书


正题名:大唐二十帝     索取号:K827=42/559         预约/预借

序号 登录号 条形码 馆藏地/架位号 状态 备注
1 862958   208629581   第二样本阅览室/ [索取号:K827=42/559] 在馆    
2 862959   208629590   第二借阅区/ [索取号:K827=42/559] 在馆    
3 862960   208629607   第二借阅区/ [索取号:K827=42/559] 在馆    
4 862961   208629616   第二借阅区/ [索取号:K827=42/559] 在馆    
唐山师范学院图书馆 欢迎您!
大连网信软件有限公司© 版权所有